Gminy w Powiatach na literę K - Statystyki

Ogólne statystyki
  • Ten quiz został rozwiązany 33 razy
  • Średni wynik to 72 z 255
Statystyki odpowiedzi
Powiaty Gminy % Poprawnych
kamiennogórski Kamienna Góra
75%
kępiński Kępno
75%
kamieński Kamień Pomorski
71%
kartuski Kartuzy
71%
kętrzyński Kętrzyn
71%
kłodzki Kłodzko
68%
kluczborski Kluczbork
68%
kościański Kościan
68%
krapkowicki Krapkowice
68%
krotoszyński Krotoszyn
68%
kwidzyński Kwidzyn
68%
kolski Koło
64%
kołobrzeski Kołobrzeg
64%
kraśnicki Kraśnik
64%
kutnowski Kutno
64%
kędzierzyńsko-kozielski Kędzierzyn-Koźle
61%
kłobucki Kłobuck
61%
kolbuszowski Kolbuszowa
61%
kolneński Kolno
61%
kościerski Kościerzyna
61%
krasnostawski Krasnystaw
61%
konecki Końskie
57%
kozienicki Kozienice
57%
kazimierski Kazimierza Wielka
54%
krośnieński (lubuskie) Krosno Odrzańskie
54%
Kudowa-Zdrój
50%
Mielno
50%
Szklarska Poręba
50%
Dziwnów
46%
karkonoski Karpacz
46%
Międzyzdroje
46%
Opatów
46%
Ustronie Morskie
46%
kielecki Bodzentyn
43%
Bystrzyca Kłodzka
43%
Chęciny
43%
Lądek-Zdrój
43%
Nowa Słupia
43%
Opatówek
43%
Reszel
43%
Sianów
43%
Skawina
43%
Wolin
43%
Kłodawa
39%
Kowary
39%
Sompolno
39%
Stronie Śląskie
39%
Będzino
36%
koszaliński Bobolice
36%
Daleszyce
36%
krośnieński (podkarpackie) Dukla
36%
Duszniki-Zdrój
36%
Krośniewice
36%
Lewin Kłodzki
36%
Międzylesie
36%
Piechowice
36%
Polanów
36%
Ślesin
36%
kaliski Stawiszyn
36%
Chmielnik
32%
Gogolin
32%
Jeżów Sudecki
32%
Manowo
32%
Morawica
32%
Opatowiec
32%
Piekoszów
32%
Radków
32%
Ruda Maleniecka
32%
Rychwał
32%
Skała
32%
Skalbmierz
32%
Słomniki
32%
Śmigiel
32%
Smyków
32%
Stąporków
32%
Świątniki Górne
32%
Szczytna
32%
Urzędów
32%
Żukowo
32%
Żychlin
32%
Annopol
29%
Biesiekierz
29%
Byczyna
29%
Ceków-Kolonia
29%
Dąbie
29%
Grzegorzew
29%
Gubin
29%
Iwonicz-Zdrój
29%
Krzepice
29%
krakowski Krzeszowice
29%
Lubawka
29%
Masłów
29%
Michałowice
29%
Miedziana Góra
29%
Miejsce Piastowe
29%
Mniów
29%
Nowa Ruda
29%
Raków
29%
Sierakowice
29%
Zagnańsk
29%
Babiak
25%
Bedlno
25%
Bejsce
25%
Dąbrowice
25%
Dziemiany
25%
Gardeja
25%
Golczewo
25%
koniński Golina
25%
Górno
25%
Kazimierz Biskupi
25%
Kobylin
25%
Korsze
25%
Kościelec
25%
Krzymów
25%
Krzyżanów
25%
Łagów
25%
Łanięta
25%
Lipusz
25%
Łopuszno
25%
Marciszów
25%
Oporów
25%
Radoszyce
25%
Rymań
25%
Somonino
25%
Strzelce
25%
Świeszyno
25%
Zabierzów
25%
Zduny
25%
Zielonki
25%
Barciany
21%
Bralin
21%
Bytnica
21%
Chodów
21%
Cisek
21%
Czarnocin
21%
Czempiń
21%
Dygowo
21%
Fałków
21%
Gościno
21%
Gowarczów
21%
Izbica
21%
Jedlicze
21%
Kleczew
21%
Kramsk
21%
Krzywiń
21%
Magnuszew
21%
Mogilany
21%
Nowa Karczma
21%
Nowe Ostrowy
21%
Pierzchnica
21%
Prabuty
21%
Przedecz
21%
Rychtal
21%
Skulsk
21%
Srokowo
21%
Stara Kiszewa
21%
Sulęczyno
21%
Sulmierzyce
21%
Trzydnik Duży
21%
Wołczyn
21%
Żelazków
21%
Żółkiewka
21%
Bieliny
18%
Bierawa
18%
Chmielno
18%
Cmolas
18%
Dzierzkowice
18%
Dzikowiec
18%
Głowaczów
18%
Gniewoszów
18%
Gorzków
18%
Gościeradów
18%
Igołomia-Wawrzeńczyce
18%
Janowice Wielkie
18%
Korczyna
18%
Koźminek
18%
Koźmin Wielkopolski
18%
Krościenko Wyżne
18%
Lasowice Wielkie
18%
Majdan Królewski
18%
Mysłakowice
18%
Niwiska
18%
Nowiny
18%
Panki
18%
Przodkowo
18%
Raniżów
18%
Reńska Wieś
18%
Rozdrażew
18%
Rudnik
18%
Sadlinki
18%
Siemyśl
18%
Siennica Różana
18%
Słupia Konecka
18%
Stara Kamienica
18%
Stawiski
18%
Stężyca
18%
Sułoszowa
18%
Świerzno
18%
Szastarka
18%
Szczytniki
18%
Trzcinica
18%
Walce
18%
Wilkołaz
18%
Wręczyca Wielka
18%
Zdzieszowice
18%
Bobrowice
14%
Chorkówka
14%
Czernichów
14%
Garbatka Letnisko
14%
Grabowo
14%
Iwanowice
14%
Jaśliska
14%
Jerzmanowice-Przeginia
14%
Karsin
14%
Kocmyrzów-Luborzyca
14%
Kraśniczyn
14%
Łęka Opatowska
14%
Liniewo
14%
Liszki
14%
Łopiennik Górny
14%
Maszewo
14%
Osiek Mały
14%
Pawłowiczki
14%
Perzów
14%
Polska Cerekiew
14%
Przystajń
14%
Ryjewo
14%
Rymanów-Zdrój
14%
Sieciechów
14%
Stare Miasto
14%
Strawczyn
14%
Strzeleczki
14%
Turośl
14%
Wierzbinek
14%
Wojaszówka
14%
Zakrzówek
14%
Blizanów
11%
Fajsławice
11%
Godziesze Wielkie
11%
Grabów nad Pilicą
11%
Lipie
11%
Mały Płock
11%
Miedźno
11%
Mycielin
11%
Podgórzyn
11%
Popów
11%
Wielka Wieś
11%
Wilczyn
11%
Grodziec
7%
Lisków
7%
Olszówka
7%
Rzgów
7%
Brzeziny
4%
Nie znaleziono quizów pasujących do podanych kryteriów
Rozkład punktacji
Procent ludzi z każdym wynikiem
Percentyl według liczby udzielonych odpowiedzi
Twoja historia wyników
Nie rozwiązałeś tego quizu